| 000 | 01895namaa2200433uu 4500 | ||
|---|---|---|---|
| 001 | doab132282 | ||
| 003 | oapen | ||
| 005 | 20260218110441.0 | ||
| 006 | m o d | ||
| 007 | cr|mn|---annan | ||
| 008 | 240104s2024 xx |||||o ||| 0|eng d | ||
| 020 | _a9781529231861 | ||
| 020 | _a9781529231878 | ||
| 024 | 7 |
_a10.47674/9781529231878 _2doi |
|
| 040 |
_aoapen _coapen _d |
||
| 041 | 0 | _aeng | |
| 042 | _adc | ||
| 720 | 1 |
_aFotta, Martin _4edt |
|
| 245 | 0 | 0 |
_aEthnographic Methods in Gypsy, Roma and Traveller Research _bLessons from a Time of Crisis |
| 260 |
_aBristol _bBristol University Press _c2024 |
||
| 300 | _a1 online resource (187 p.) | ||
| 336 |
_atext _btxt _2rdacontent |
||
| 337 |
_acomputer _bc _2rdamedia |
||
| 338 |
_aonline resource _bcr _2rdacarrier |
||
| 506 | 0 |
_fUnrestricted online access _2star |
|
| 520 | _aEPDF and EPUB available Open Access under CC-BY-NC-ND licence. This edited volume discusses the methodological and ethical challenges that researchers are currently facing whilst attempting to document the impact of the COVID-19 pandemic on Gypsy, Roma and Traveller communities throughout Europe. | ||
| 540 |
_aCreative Commons _fhttps://creativecommons.org/licenses/by-nc-nd/4.0/ _2cc _uhttps://creativecommons.org/licenses/by-nc-nd/4.0/ |
||
| 546 | _aEnglish | ||
| 650 | 7 |
_aEthical issues and debates _2bicssc |
|
| 650 | 7 |
_aEthnic groups and multicultural studies _2bicssc |
|
| 650 | 7 |
_aResearch methods: general _2bicssc |
|
| 650 | 7 |
_aSocial discrimination and social justice _2bicssc |
|
| 720 | 1 |
_aFotta, Martin _4oth |
|
| 720 | 1 |
_aGay y Blasco, Paloma _4edt |
|
| 720 | 1 |
_aGay y Blasco, Paloma _4oth |
|
| 793 | 0 | _aDOAB Library. | |
| 856 |
_uhttps://docs.google.com/spreadsheets/d/1yKIrdCPDAG_9c22mwoOIO2DOhtj65Wqa/edit?usp=sharing&ouid=106555315294820607512&rtpof=true&sd=true _yList of Curated E-Books |
||
| 942 | _cE-BOOK | ||
| 999 |
_c81173 _d81172 |
||